III Col·loqui d'Història Agrària : Vilafranca del Penedès, Sant Sadurní d'Anoia, del 14 al 18 de febrer de 1990 : mil anys de producció, comerç i consum de vins i begudes alcohòliques als Països Catalans : resum de les comunicacions presentades Vilafranca del Penedès, Sant Sadurní d'Anoia, del 14 al 18 de febrer de 1990 :
Descripción Física:
56 p. ; 22 cm
Materias:
Vinicultura -- Congressos
MARC
| LEADER | 00000nam a2200000Ia 4500 | ||
|---|---|---|---|
| 001 | 12675 | ||
| 008 | 160829s1990 xx 000 0 cat d | ||
| 080 | |a C-1-513 | ||
| 100 | |a Col·loqui d'Història Agrària (3r : 1990 : Vilafranca del Penedès, Sant Sadurní d'Anoia) |9 24362 | ||
| 245 | |a III Col·loqui d'Història Agrària : |b Vilafranca del Penedès, Sant Sadurní d'Anoia, del 14 al 18 de febrer de 1990 : |b mil anys de producció, comerç i consum de vins i begudes alcohòliques als Països Catalans : |b resum de les comunicacions presentades | ||
| 260 | |a Barcelona : |b CEHI, |c 1990 | ||
| 300 | |a 56 p. ; |c 22 cm | ||
| 650 | 0 | |a Vinicultura |v Congressos |9 24363 | |
| 901 | |a Arxiu | ||
| 942 | |n 1 | ||
| 952 | |0 0 |1 0 |4 0 |6 C1513 |7 1 |9 43109 |a Arxiu |b Arxiu |d 2016-12-01 |l 0 |o C-1-513 |p 12675 |r 2016-12-01 00:00:00 |w 2016-12-01 |y ARXIU | ||
| 999 | |c 45653 |d 45653 | ||